ბათუმის შოთა რუსთაველის სახელმწიფო უნივერსიტეტის ბიბლიოთეკა

ბიზნესი და მენეჯმენტი №2(39)2014 (ბიბ.ჩანაწერი № 44827)

000 -LEADER
fixed length control field 00962nam a2200229Ia 4500
001 - CONTROL NUMBER
control field 11641
003 - CONTROL NUMBER IDENTIFIER
control field GE_BSU
008 - FIXED-LENGTH DATA ELEMENTS--GENERAL INFORMATION
fixed length control field 181216s||||||||xx |||||||||||||| ||und||
020 ## - INTERNATIONAL STANDARD BOOK NUMBER
International Standard Book Number 1512–357X
040 ## - CATALOGING SOURCE
Transcribing agency GE_BSU
245 ## - TITLE STATEMENT
Title ბიზნესი და მენეჯმენტი №2(39)2014
245 ## - TITLE STATEMENT
Remainder of title ჟურნალი ბიზნესისა და მართვის ხელოვნების შესახებ
245 ## - TITLE STATEMENT
Statement of responsibility, etc. მთ.რედ: თემურ იობაშვილი
260 ## - PUBLICATION, DISTRIBUTION, ETC.
Place of publication, distribution, etc. თბილისი
260 ## - PUBLICATION, DISTRIBUTION, ETC.
Name of publisher, distributor, etc. შპს "ააფ–მენეჯმენტი
260 ## - PUBLICATION, DISTRIBUTION, ETC.
Date of publication, distribution, etc. 2014
300 ## - PHYSICAL DESCRIPTION
Extent 60გვ,30სმ;
653 ## - INDEX TERM--UNCONTROLLED
Uncontrolled term ბიზნესი და მენეჯმენტი
653 ## - INDEX TERM--UNCONTROLLED
Uncontrolled term პერიოდიკა
653 ## - INDEX TERM--UNCONTROLLED
Uncontrolled term ჟურნალი ბიზნესისა და მართვის ხელოვნების შესახებ
942 ## - ADDED ENTRY ELEMENTS (KOHA)
Koha item type პერიოდიკა
ეგზემპლარები
Withdrawn status Lost status Damaged status Not for loan Date acquired Barcode Date last seen Price effective from Koha item type
        2018-12-17 p76436 2018-12-17 2018-12-17 პერიოდიკა